| 000 | 00671cam a2200157 4500500 | ||
|---|---|---|---|
| 005 | 20260222001045.0 | ||
| 041 | _afre | ||
| 042 | _adc | ||
| 100 | 1 | 0 |
_aDethurens, Pascal _eauthor |
| 245 | 0 | 0 | _aGérard-Julien Salvy, 100 énigmes de la peinture, Hazan, 2025, 360 páginas, 45 euros. |
| 260 | _c2025. | ||
| 500 | _a49 | ||
| 520 | _aLa Fundación Louis Vuitton, en París, presenta una retrospectiva de la obra de Gerhard Richter, un panorama completo que abarca sesenta años de creación artística. | ||
| 786 | 0 | _nÉtudes | 4333 | 1 | 2025-12-30 | p. 125a-126 | |
| 856 | 4 | 1 | _uhttps://shs.cairn.info/revista-etudes-2026-1-page-125a?lang=es&redirect-ssocas=7080 |
| 999 |
_c1664245 _d1664245 |
||